000 00805nam a2200181 i 4500
001 31111
003 ES-MaACL
005 20230906154318.0
007 t|
008 030128s1908 fr ||||1| fre d
100 1 _aBaudelaire, Charles.
_926513
245 1 0 _aOeuvres posthumes /
_cCharles Baudelaire.
250 _a5eme ed.
260 _aParís :
_bMercure de France,
_c1908.
300 _a416 p. ;
_c19 cm.
505 8 _aContiene: Les fleurs du mal. Les espayes. Autres poesies publices du vivant de l'auteur. Poesies publices despues la mort de l'auteur. Poesies apocryphes. Journause intimies. Theatre. Critique litteraire. Travaise sur Edgar Poe. Sur les Beause-Arts. Argument du livre sur la Belgique. Polémiques. Varietis. Baudelaire journaliste. Projects et notes
852 _aES-MaACL
_jF-9078
999 _c31111
_d31111